Contemporary business /
Salvato in:
| Autore principale: | |
|---|---|
| Altri autori: | |
| Natura: | Libro |
| Pubblicazione: |
Fort Worth :
Harcourt College Publishers,
c2002.
|
| Edizione: | 10th ed. |
| Soggetti: | |
| Tags: |
Aggiungi Tag
Nessun Tag, puoi essere il primo ad aggiungerne!!
|
MARC
| LEADER | 00000cam a2200000 a 4500 | ||
|---|---|---|---|
| 005 | 20251002073246.0 | ||
| 020 | |a 0030332265 |c TZS 12,000/= | ||
| 040 | |a MCCL |b eng. |e AACR 2nd rev. ed. | ||
| 082 | 0 | 0 | |a 658 BOO |
| 100 | 1 | |a Boone, Louis E. | |
| 245 | 1 | 0 | |a Contemporary business / |c Louis E. Boone, David L. Kurtz. |
| 250 | |a 10th ed. | ||
| 260 | |a Fort Worth : |b Harcourt College Publishers, |c c2002. | ||
| 300 | |a lv, 739, [109] p. : |b col. ill. ; |c 29 cm. | ||
| 504 | |a Includes bibliographical references and indexes. | ||
| 546 | |a eng. | ||
| 650 | 0 | |a Management. | |
| 650 | 0 | |a Business. | |
| 700 | 1 | |a Kurtz, David L. | |
| 942 | |c BK | ||
| 999 | |c 11553 |d 11553 | ||